حدیث جہاں / (Record no. 107534)

MARC details
000 -LEADER
fixed length control field 00757nam a22002537a 4500
005 - DATE AND TIME OF LATEST TRANSACTION
control field 20170123162327.0
010 ## - LIBRARY OF CONGRESS CONTROL NUMBER
LC control number A-420111
020 ## - INTERNATIONAL STANDARD BOOK NUMBER
Terms of availability 20.00
035 ## - SYSTEM CONTROL NUMBER
System control number A-420111
037 ## - SOURCE OF ACQUISITION
Source of stock number/acquisition Cen Lib/Ret
040 ## - CATALOGING SOURCE
Original cataloging agency DPL
Language of cataloging UR
082 ## - DEWEY DECIMAL CLASSIFICATION NUMBER
Classification number ک
Item number ق ے ص
100 ## - MAIN ENTRY--PERSONAL NAME
Personal name قیصرامینددیں خان
9 (RLIN) 58239
245 ## - TITLE STATEMENT
Title حدیث جہاں /
Statement of responsibility, etc قیصرامینددیں خان
246 ## - VARYING FORM OF TITLE
Title proper/short title Hadees-e-jahan /
Remainder of title by Qaiar Ameenuddin Khan
260 ## - PUBLICATION, DISTRIBUTION, ETC. (IMPRINT)
Place of publication, distribution, etc لاہور
Name of publisher, distributor, etc مکتبہ علیہ
Date of publication, distribution, etc 1982
270 ## - ADDRESS
City لاہور
300 ## - PHYSICAL DESCRIPTION
Extent 144p.
Dimensions 21cm(Hb)
650 ## - SUBJECT ADDED ENTRY--TOPICAL TERM
Topical term or geographic name as entry element ادب - اردو
9 (RLIN) 119950
650 ## - SUBJECT ADDED ENTRY--TOPICAL TERM
Topical term or geographic name as entry element اردو کہانیاں
9 (RLIN) 119951
650 ## - SUBJECT ADDED ENTRY--TOPICAL TERM
Topical term or geographic name as entry element Litrerature -- Urdu
9 (RLIN) 119952
650 ## - SUBJECT ADDED ENTRY--TOPICAL TERM
Topical term or geographic name as entry element Urdu stories
9 (RLIN) 119953
942 ## - ADDED ENTRY ELEMENTS (KOHA)
Source of classification or shelving scheme Dewey Decimal Classification
Koha item type Urdu Bks
Classification part ک
Call number suffix ق ے ص
Holdings
Withdrawn status Lost status Damaged status Not for loan Home library Current library Date acquired Source of acquisition Cost, normal purchase price Total Checkouts Full call number Barcode Date last seen Copy number Cost, replacement price Price effective from Koha item type
        Central Library Central Library 08/01/2016 Cen Lib/Ret 20.00   ک ق ے ص A-420111 08/01/2016 1 20.00 08/01/2016 Urdu Bks

© Delhi Public Library
Hit Counter
free hit counter